Globalización, integración y cohersión social: el caso del MERCOSUR /

El ensayo parte del escenario internacional globalizado para abordar sucesivamente aspectos sociales de la integración que responden tanto a la vertiente económica como a la política del tema, y concretiza sus reflexiones aplicándolas al avance del MERCOSUR como un acuerdo pensado predominantemente...

Description complète

Enregistré dans:
Détails bibliographiques
Auteur principal: González Cravino, Santiago
Format: Texte
Collection:SERIE POLITICAS SOCIALES/CEPAL
Sujets:
Tags: Ajouter un tag
Pas de tags, Soyez le premier à ajouter un tag!

MARC

LEADER 00000 a a2200000 04500
001 48325
003
040
090 |a REV1291 3(14) 1998  
100 |a González Cravino, Santiago  
245 |a Globalización, integración y cohersión social:   |b el caso del MERCOSUR /  |c Santiago González Cravino  
440 |a SERIE POLITICAS SOCIALES/CEPAL  
520 |a El ensayo parte del escenario internacional globalizado para abordar sucesivamente aspectos sociales de la integración que responden tanto a la vertiente económica como a la política del tema, y concretiza sus reflexiones aplicándolas al avance del MERCOSUR como un acuerdo pensado predominantemente por economistas, pero influido desde el inicio por el marco del proceso de democratización.  
650 |a LIBERALIZACION DEL INTERCAMBIO  
650 |a MERCADO  
650 |a INTEGRACION REGIONAL  
650 |a SOCIEDAD  
650 |a POLITICA SOCIAL  
650 |a ECONOMIA  
650 |a CONDICIONES SOCIALES  
773 |g volumen3, número14, (1998)  
999 |c 33946  |d 33946